000 00830nam a2200253 i 4500
001 000038217
003 DO-SdBNP
005 20251008145033.0
007 ta
008 130322s1992 dr a 000 0 spa d
040 _aDO-SdBNP
_bspa
_cBNPHU
_erda
041 _aspa
082 4 _axxx
_bxxx
_222
100 1 _aGómez Michel, Fiume de,
_eautor
_4aut.
_964582
245 1 0 _aManual de literatura dominicana y américana /
_cFiume Gómez de Michel.
264 1 _aSanto Domingo :
_bEditora Alfa & Omega,
_c1992.
300 _a483 páginas :
_bilustraciones ;
_c27 cm.
336 _atexto
_btxt
_2rdacontent
337 _asin mediación
_bn
_2rdamedia
338 _avolumen
_bnc
_2rdacarrier
500 _aPara el cuarto teorico de bachillerato tradicional de la educación media
590 _aInventariado, 2025/BT
942 _2ddc
_cLBS1
999 _c37707
_d37707